| 000 | 01909cam a2200373 a 4500 | ||
|---|---|---|---|
| 001 | 1751 | ||
| 003 | FISKH | ||
| 005 | 20230928093129.0 | ||
| 008 | 070205s2008 nyuab j b 001 0 eng | ||
| 010 | _a 2007005156 | ||
| 020 | _a0531126293 | ||
| 020 | _a9780531126295 | ||
| 040 |
_aDLC _cDLC _dDLC _beng |
||
| 043 | _an-us--- | ||
| 050 | 0 | 0 |
_aE303 _b.T35 2008 |
| 082 | 0 | 0 |
_a973.4 _222 |
| 100 | 1 | _aTaylor-Butler, Christine. | |
| 245 | 1 | 4 |
_aThe Constitution of the united states / _cChristine Taylor-Butler. |
| 260 |
_aNew York : _bScholastic, _c2008. |
||
| 300 |
_a48 pages : _bcolor map, illustrations ; _c22 cm. |
||
| 490 | 0 | _aA true book | |
| 505 | _aP | ||
| 520 | _aIdeal for today's young investigative reader, each A True Book includes lively sidebars, a glossary and index, plus a comprehensive "To Find Out More" section listing books, organizations, and Internet sites. A staple of library collections since the 1950s, the new A True Book series is the definitive nonfiction series for elementary school readers. A True Book -- American History: How do you wrap a 450,000-pound gift? What is the world's oldest and shortest written consitution? Find out in this patriotic celebration of things uniquely American. | ||
| 521 | 8 |
_a650
_bLexile |
|
| 521 | 8 |
_aP
_bRaz-Plus |
|
| 610 | 1 | 0 |
_aUnited States. _tConstitution _vJuvenile literature. |
| 650 | 0 |
_aConstitutional history _zUnited States _vJuvenile literature. |
|
| 651 | 0 |
_aUnited States _xPolitics and government _y1775-1783 _vJuvenile literature. |
|
| 651 | 0 |
_aUnited States _xPolitics and government _y1783-1789 _vJuvenile literature. |
|
| 856 | 4 | 1 |
_3Table of contents only _uhttp://www.loc.gov/catdir/toc/ecip0710/2007005156.html |
| 906 |
_a7 _bcbc _corignew _d1 _eecip _f20 _gy-gencatlg |
||
| 942 |
_2ddc _cBK _n0 |
||
| 999 |
_c1751 _d1751 |
||